| 000 | 00556nam a22001937a 4500 | ||
|---|---|---|---|
| 005 | 20250129154613.0 | ||
| 010 | _aENG-143712 | ||
| 020 | _c450.00 | ||
| 035 | _aEN-127244 | ||
| 037 | _bDBAD | ||
| 082 | _a615.532 | ||
| 100 |
_aLenin _977270 |
||
| 245 |
_aUniversal Organon/ _cLenin |
||
| 250 | _a6 | ||
| 260 |
_aTamilnadu _bThiruselvasubha Publications _c2016 |
||
| 270 |
_bTamilnadu _aSingipuram Post, Valapady Taluk, Salem District _e636115 _mleninsbegins@gmail.com |
||
| 300 |
_a267p. _c21cm(pb) |
||
| 942 |
_2ddc _cEN _h615.532 _mLEN |
||
| 999 |
_c208875 _d208875 |
||